Inside corel draw
| Main Author: | |
|---|---|
| Other Authors: | |
| Format: | Book |
| Published: |
Cacmel In :
New Riders Publ. ,
1992
|
| Edition: | 4th ed. |
| Subjects: |
MARC
| LEADER | 00000cam a2200000 7i4500 | ||
|---|---|---|---|
| 001 | 0000002848 | ||
| 005 | 20050613.0 | ||
| 020 | |a 1562051067 | ||
| 040 | |a INS | ||
| 090 | 0 | 0 | |a T385. |b G738 1992 |
| 100 | 1 | |a Gray, Daniel | |
| 245 | 1 | 0 | |a Inside corel draw |c Daniel Gray |
| 250 | |a 4th ed. | ||
| 260 | |a Cacmel In : |b New Riders Publ. , |c 1992 | ||
| 300 | |a 705p. ; |c 23 cm. | ||
| 650 | 0 | 0 | |a Computer graphics |
| 700 | 1 | |a Shubitz, Steve | |
| 999 | |a 0000004993 |b BOOK |c Open Shelf |e Default branch | ||